Statistiche per Quiz di cultura generale #3

Clicka qui per fare il quiz!

Statistiche generali

  • Questo quiz è stato fatto 567 volte
  • Il punteggio medio è 9 su 20

Statistiche sulle risposte

DOMANDERISPOSTE% Corretto
Nell'emisfero meridionale qual è l'equivalente del Tropico del cancro? Il tropico del...Capricorno
91%
Quale città festeggia l'Oktoberfest?Monaco
81%
Il sushi è spesso avvolto nei nori. Di cosa è un tipo il nori? (pianta)Alga
79%
Da quale città provenivano i Beatles?Liverpool
75%
Qual è il più alto monte dell'Africa?Kilimangiaro
67%
Chi ha attraversato il Rubicone?Cesare/Giulio Cesare
66%
Qual è la capitale dell'Arabia Saudita?Riad/Riyad
53%
Quale forma hanno i pantaloni di Spongebob?Quadrato
45%
Stessa domanda di sopraGomorra
40%
Nell'Antico Testamento, quali due città furono distrutte dal fuoco e dallo zolfo come
punizione per la loro malvagità?
Sodoma
39%
Quale nazione asiatica ha superato il Brasile nel 2017 diventando il quinto stato più popoloso al mondo?Pakistan
38%
Qual è la più grande specie animale?Balenottera Azzurra
37%
Quale film, diretto da Francis Ford Coppola, ha vinto l'Oscar come miglior film nel 1972?Il padrino
31%
Quale società segreta ha contato fra i suoi membri anche 14 presidenti degli Usa?Massoni/Massoneria
28%
Quale conquistador ha sconfitto gli Aztechi?Hernan Cortes/Cortes
25%
Di che razza è il cane Hachiko (2009) nel film con Richard Gere?Akita
23%
In quale edificio è sepolta Elisabetta I?Abbazia di Westminster/Westminster
22%
Qual è stata la seconda persona a camminare sulla luna?Buzz Aldrin/Aldrin
22%
Chi fu dichiarato "infallibile" al Concilio Vaticano I del 1869-70?Il Papa/Papa
19%
Quale città è ancora conosciuta con il suo vecchio nome, Saigon?Ho Chi Minh
9%

Distribuzione punteggi

Percentile per numero di risposta

Percentuale di utenti per punteggio

I tuoi punteggi nel tempo

Non hai fatto questo quiz